Russkije pisateli 1800-1917. T. 2 ; Glav. red. P. A. Nikolajev

Bibliographic Details
Other Authors: Nikolajev, P.A (kor)
Format: Book
Language:Russian
PhysicalDescription:621 s. [12] s. fareb. obr. príl. 27 cm
Published: Moskva Bol'šaja Rossijskaja enciklopedija 1992
ISBN:5852700649
5852700118
Series:Russkije pisateli 11-20 vv.

MARC

LEADER 00000nam a2200000 a 4500
001 vtls001157621
003 SK-MaSNL
005 20260301154034.0
008 250414s1992 ru 0 rus
020 |a 5852700649 
020 |a 5852700118  |q (sub.) 
035 |a SNK000100527 
040 |a SNK  |b slo  |c SNK  |e AACR2 
041 0 |a rus 
044 |a ru  |c RU 
080 |a 929:882"1800/1917"(03)=82  |2 1981 
080 |a 882"1800/1917"(03)=82  |2 1981 
080 |a 03  |2 1981 
080 |a 929  |2 1981 
080 |a 882"1800/1917"=82  |2 1981 
245 0 0 |a Russkije pisateli 1800-1917. T. 2 ; Glav. red. P. A. Nikolajev 
260 |a Moskva  |b Bol'šaja Rossijskaja enciklopedija  |c 1992 
300 |a 621 s.  |b [12] s. fareb. obr. príl.  |c 27 cm 
490 0 |a Russkije pisateli 11-20 vv. 
700 1 |a Nikolajev, P.A.  |4 kor  |9 516370 
852 |a Slovenská národná knižnica 
919 |a 5-85270-064-9 
919 |a 5-85270-011-8 (sub.) 
954 |a spisovatelia ruskí  |a lexikóny ruské 
954 |a lexikóny biografické ruské 
999 |c 795409  |d 797339 
952 |t snkRUS/2 882(031)  |a SNKUST  |b SNKUST  |y PREZ  |7 0  |p 17A0407089  |o snkIB 63246/2  |i snkV 365/94  |0 0  |1 0  |4 0  |d 2003-12-29  |l 0  |r 2025-04-28 00:00:00  |w 2026-02-24